[Event "Niederoesterreichische Landesliga"]
[Site "Verschiedene"]
[Date "2019.03.17"]
[Round "10"]
[Board "3"]
[White "Woeber, Friedrich"]
[Black "Wetscherek, Gerhard"]
[Result "0-1"]
[WhiteElo "2134"]
[BlackElo "2074"]
[PlyCount "46"]
[EventDate "2018.09.30"]
[EventType "team"]
[EventRounds "11"]
[EventCountry "AUT"]
[WhiteTeam "SGM Voest Krems"]
[BlackTeam "SGM Bisamberg/Korneuburg"]

1. e4 d6 2. d4 g6 3. Nc3 Bg7 4. f4 c6 5. Nf3 Bg4 6. Be3 Nd7 7. Bc4 e6 8. h3
Bxf3 9. Qxf3 Ne7 10. Bb3 Rc8 11. e5 d5 12. Ne2 O-O 13. g4 f6 14. Qg3 c5 15. c3
fxe5 16. fxe5 Qb6 17. O-O-O Nc6 18. Ba4 Qa6 19. Bxc6 Rxc6 20. Rh2 Qxa2 21. Nf4
cxd4 22. Bxd4 Nxe5 23. Nh5 Rf3  0-1

[Event "Niederoesterreichische Landesliga"]
[Site "Verschiedene"]
[Date "2019.03.17"]
[Round "10"]
[Board "4"]
[White "Merei, David"]
[Black "Kleiser, Gregor"]
[Result "1-0"]
[WhiteElo "1830"]
[BlackElo "2192"]
[PlyCount "63"]
[EventDate "2018.09.30"]
[EventType "team"]
[EventRounds "11"]
[EventCountry "AUT"]
[WhiteTeam "SGM Bisamberg/Korneuburg"]
[BlackTeam "SGM Voest Krems"]

1. e4 c5 2. Nf3 e6 3. d4 cxd4 4. Nxd4 a6 5. c4 Nf6 6. Nc3 Bb4 7. Qc2 Qc7 8. a3
Bxc3+ 9. bxc3 O-O 10. Be2 Nc6 11. Nb3 Ne5 12. c5 Qc6 13. f4 Ng6 14. Bd3 b6 15.
e5 Nd5 16. c4 Ndxf4 17. Bxf4 Nxf4 18. Be4 Qc7 19. O-O Qxe5 20. Bxa8 Ne2+ 21.
Kh1 f5 22. Rae1 Ng3+ 23. Kg1 Qb8 24. hxg3 Qxa8 25. cxb6 a5 26. Qd2 a4 27. Nc5
Qc6 28. Qb4 d6 29. Nxe6 Bb7 30. Qb2 Rf6 31. Nd8 Qc5+ 32. Qf2  1-0

[Event "Niederoesterreichische Landesliga"]
[Site "Verschiedene"]
[Date "2019.03.17"]
[Round "10"]
[Board "2"]
[White "Hofmann, Thomas"]
[Black "Ganaus, Hannes"]
[Result "1/2-1/2"]
[WhiteElo "2257"]
[BlackElo "2290"]
[PlyCount "65"]
[EventDate "2018.09.30"]
[EventType "team"]
[EventRounds "11"]
[EventCountry "AUT"]
[WhiteTeam "SGM Mistelbach/Altlichtenwarth"]
[BlackTeam "ASVOE VHS Poechlarn"]

1. d4 Nf6 2. c4 g6 3. Nc3 Bg7 4. e4 d6 5. Be2 O-O 6. Be3 Na6 7. f3 c5 8. d5 Nc7
9. g4 e6 10. Nh3 exd5 11. cxd5 b5 12. Nf2 b4 13. Nb5 Nxb5 14. Bxb5 Nd7 15. Qe2
Rb8 16. O-O Ne5 17. a4 a6 18. Bd3 Qh4 19. Bf4 Qf6 20. Qe3 g5 21. Bxe5 Qxe5 22.
Rab1 Re8 23. Bc4 Qe7 24. b3 Bd4 25. Qe2 a5 26. Kg2 Bxf2 27. Qxf2 Bd7 28. Rh1
Kg7 29. h4 h6 30. Qe3 Rh8 31. Rh3 f6 32. Rbh1 Qe5 33. Qf2  1/2-1/2

[Event "Niederoesterreichische Landesliga"]
[Site "Verschiedene"]
[Date "2019.03.17"]
[Round "10"]
[Board "3"]
[White "Weinzettl, Ernst"]
[Black "Gasa, Andrej"]
[Result "1/2-1/2"]
[WhiteElo "2220"]
[BlackElo "2282"]
[PlyCount "74"]
[EventDate "2018.09.30"]
[EventType "team"]
[EventRounds "11"]
[EventCountry "AUT"]
[WhiteTeam "ASVOE VHS Poechlarn"]
[BlackTeam "SGM Mistelbach/Altlichtenwarth"]

1. e4 c5 2. Nf3 d6 3. Bb5+ Nd7 4. a4 Ngf6 5. Qe2 a6 6. Bc4 e6 7. a5 Be7 8. Nc3
O-O 9. O-O b5 10. axb6 Nxb6 11. e5 dxe5 12. Nxe5 Bd6 13. d3 Qc7 14. Bf4 Nxc4
15. dxc4 Bb7 16. Bg3 g6 17. Nd3 Qc6 18. f3 Bxg3 19. hxg3 Qc7 20. Qe5 Qxe5 21.
Nxe5 Rfd8 22. Na4 Rac8 23. Rfd1 Rxd1+ 24. Rxd1 Bc6 25. Nxc5 Bxf3 26. gxf3 Rxc5
27. Rd8+ Kg7 28. f4 Rc7 29. Kg2 g5 30. fxg5 Ne4 31. Rd7 Rc5 32. Nxf7 Kg6 33. b4
Rf5 34. Nd6 Rf2+ 35. Kg1 Rd2 36. c5 Nxg5 37. Ra7 Nf3+  1/2-1/2

[Event "Niederoesterreichische Landesliga"]
[Site "Verschiedene"]
[Date "2019.03.17"]
[Round "10"]
[Board "4"]
[White "Vrana, Frantisek"]
[Black "Ernst, Michael"]
[Result "0-1"]
[WhiteElo "2252"]
[BlackElo "2155"]
[PlyCount "148"]
[EventDate "2018.09.30"]
[EventType "team"]
[EventRounds "11"]
[EventCountry "AUT"]
[WhiteTeam "SGM Mistelbach/Altlichtenwarth"]
[BlackTeam "ASVOE VHS Poechlarn"]

1. d4 d5 2. Nf3 Bf5 3. c4 e6 4. Qb3 Nc6 5. c5 Rb8 6. Bf4 Nf6 7. e3 Be7 8. Bb5
O-O 9. Nbd2 Nh5 10. Qa4 Nxf4 11. exf4 Qc8 12. O-O Bf6 13. Bxc6 bxc6 14. b3 Qb7
15. Rac1 Qb5 16. Qxb5 Rxb5 17. Rfe1 a5 18. h3 h5 19. a3 Be4 20. Rc3 Rfb8 21.
Ree3 Bxf3 22. Nxf3 g6 23. Kf1 Bg7 24. Ke2 Bh6 25. g3 Bg7 26. Rcd3 Bf6 27. Kd2
Kf8 28. Kc2 Bg7 29. Re2 Bf6 30. Nd2 Kg7 31. Re1 Kh7 32. Rh1 Bg7 33. Nf3 Bf6 34.
g4 Rg8 35. Rg1 Rbb8 36. Rdd1 Rbe8 37. Kc3 Rb8 38. b4 Ra8 39. Ra1 Rgb8 40. Nd2
Bh4 41. Nf3 Bxf2 42. Rgf1 axb4+ 43. axb4 Be3 44. gxh5 Bxf4 45. hxg6+ Kxg6 46.
Nh4+ Kg5 47. Ng2 e5 48. Kb3 Rxa1 49. Rxa1 Bd2 50. Kc2 Rxb4 51. h4+ Kg4 52. dxe5
Bf4 53. Ra6 Rc4+ 54. Kd3 Rxc5 55. Ra4 Rc4 56. Ra7 Kg3 57. Nxf4 Kxf4 58. Rxc7
Kxe5 59. h5 Kf6 60. h6 Kg6 61. h7 Kxh7 62. Rxf7+ Kg6 63. Rf8 c5 64. Rf1 Kg5 65.
Rf8 Rh4 66. Rd8 Rd4+ 67. Ke3 Kf5 68. Rf8+ Ke5 69. Re8+ Kd6 70. Rd8+ Kc6 71. Rb8
Re4+ 72. Kd2 d4 73. Kd3 Re3+ 74. Kd2 Rh3  0-1

[Event "Niederoesterreichische Landesliga"]
[Site "Verschiedene"]
[Date "2019.03.17"]
[Round "10"]
[Board "1"]
[White "Hellmayr, Alois"]
[Black "Vyskocil, Neklan"]
[Result "1/2-1/2"]
[WhiteElo "2273"]
[BlackElo "2315"]
[PlyCount "72"]
[EventDate "2018.09.30"]
[EventType "team"]
[EventRounds "11"]
[EventCountry "AUT"]
[WhiteTeam "KSV Boehlerwerk"]
[BlackTeam "SK Zwettl"]

1. Nf3 g6 2. d4 Bg7 3. e4 d6 4. Bc4 Nf6 5. Qe2 c6 6. a4 d5 7. exd5 cxd5 8. Bb5+
Bd7 9. Ne5 O-O 10. Nd2 Bf5 11. Bd3 Bxd3 12. Nxd3 Nc6 13. c3 Nd7 14. O-O e5 15.
dxe5 Ndxe5 16. Nf3 Nxf3+ 17. Qxf3 d4 18. c4 Rc8 19. Bd2 Qd7 20. Rfe1 Rfe8 21.
b3 Ne5 22. Nxe5 Bxe5 23. Qd3 Rc6 24. f4 Bg7 25. Rxe8+ Qxe8 26. b4 f5 27. c5 Qf7
28. Rc1 Qd5 29. Kf1 h5 30. Qc4 Qxc4+ 31. Rxc4 Kf7 32. Ke2 Ke6 33. Kd3 Kd5 34.
Rc1 Re6 35. h4 Bf8 36. g3 Be7  1/2-1/2

[Event "Niederoesterreichische Landesliga"]
[Site "Verschiedene"]
[Date "2019.03.17"]
[Round "10"]
[Board "3"]
[White "Lovrinovic, Christian"]
[Black "Mlynek, Petr"]
[Result "1/2-1/2"]
[WhiteElo "2106"]
[BlackElo "2092"]
[PlyCount "58"]
[EventDate "2018.09.30"]
[EventType "team"]
[EventRounds "11"]
[EventCountry "AUT"]
[WhiteTeam "KSV Boehlerwerk"]
[BlackTeam "SK Zwettl"]

1. d4 d5 2. c4 c6 3. Nf3 e6 4. e3 Nf6 5. b3 Bb4+ 6. Nbd2 c5 7. Bb2 cxd4 8. exd4
Nc6 9. Bd3 O-O 10. O-O b6 11. a3 Bd6 12. Re1 Bb7 13. Ne5 Rc8 14. Re3 Bb8 15.
Rh3 g6 16. Ndf3 Ne4 17. Qc1 f6 18. Qh6 Rc7 19. cxd5 exd5 20. Nxg6 hxg6 21. Qh8+
Kf7 22. Qh7+ Ke8 23. Qxg6+ Rcf7 24. Bxe4 dxe4 25. Qxe4+ Re7 26. Qg6+ Kd7 27.
Qf5+ Ke8 28. Qg6+ Kd7 29. Qf5+ Ke8  1/2-1/2

[Event "Niederoesterreichische Landesliga"]
[Site "Verschiedene"]
[Date "2019.03.17"]
[Round "10"]
[Board "4"]
[White "Vykydal, Frantisek"]
[Black "Neumann, Christian"]
[Result "1/2-1/2"]
[WhiteElo "2089"]
[BlackElo "1966"]
[PlyCount "94"]
[EventDate "2018.09.30"]
[EventType "team"]
[EventRounds "11"]
[EventCountry "AUT"]
[WhiteTeam "SK Zwettl"]
[BlackTeam "KSV Boehlerwerk"]

1. e4 c5 2. Nc3 Nc6 3. g3 g6 4. Bg2 Bg7 5. d3 d6 6. Nge2 Bg4 7. h3 Bd7 8. O-O
e6 9. Be3 Nd4 10. Qd2 Ne7 11. Nd1 O-O 12. Nxd4 cxd4 13. Bh6 Bc6 14. Bxg7 Kxg7
15. c3 Qb6 16. cxd4 Qxd4 17. Qc3 Qxc3 18. Nxc3 Rfd8 19. b4 a6 20. f4 Rac8 21.
Rac1 Rd7 22. Kf2 Rdc7 23. Ne2 Bb5 24. Ke3 Rc2 25. a3 Ra2 26. Ra1 Rcc2 27. Bf3
Rd2 28. Rxa2 Rxa2 29. Nc3 Rxa3 30. Kd2 Rb3 31. Rb1 Rxb1 32. Nxb1 Bc6 33. Na3 d5
34. Ke3 f6 35. Kd4 Kf7 36. Nc2 b6 37. Ne3 dxe4 38. dxe4 Bb5 39. e5 Bc6 40. Be2
Bb7 41. Nc4 Nf5+ 42. Kd3 b5 43. Nd6+ Nxd6 44. exd6 e5 45. fxe5 fxe5 46. Bg4 h5
47. Bd7 g5  1/2-1/2

[Event "Niederoesterreichische Landesliga"]
[Site "Verschiedene"]
[Date "2019.03.17"]
[Round "10"]
[Board "1"]
[White "Peyrer, Konstantin"]
[Black "Khalakhan, Jurij"]
[Result "1-0"]
[WhiteElo "2150"]
[BlackElo "2219"]
[PlyCount "71"]
[EventDate "2018.09.30"]
[EventType "team"]
[EventRounds "11"]
[EventCountry "AUT"]
[WhiteTeam "ASK Kottingbrunn"]
[BlackTeam "SGM Litschau/Eisgarn"]

1. e4 c5 2. Nf3 e6 3. d4 cxd4 4. Nxd4 Nc6 5. Nc3 Qc7 6. Be3 a6 7. Qf3 Ba3 8.
Nxc6 Bxb2 9. Bd4 Bxa1 10. Bxg7 Qxc6 11. Bxh8 b5 12. Qg3 Ne7 13. Bf6 Bxc3+ 14.
Bxc3 Qxe4+ 15. Kd2 Bb7 16. Bd3 Qxg2 17. Qxg2 Bxg2 18. Ra1 Bd5 19. Bxh7 d6 20.
Bf6 Kd7 21. h4 e5 22. h5 Ke6 23. Bg7 f6 24. h6 Kf7 25. Bd3 e4 26. Be2 e3+ 27.
Kxe3 Re8 28. Bh5+ Ng6+ 29. Kd2 Be4 30. Re1 Re5 31. Bg4 Ne7 32. f4 Rd5+ 33. Kc1
f5 34. Bh5+ Kg8 35. Bf6 Nc6 36. Bg6  1-0

[Event "Niederoesterreichische Landesliga"]
[Site "Verschiedene"]
[Date "2019.03.17"]
[Round "10"]
[Board "2"]
[White "Bauer, Thomas"]
[Black "Wirius, Johannes"]
[Result "1-0"]
[WhiteElo "2171"]
[BlackElo "2185"]
[PlyCount "68"]
[EventDate "2018.09.30"]
[EventType "team"]
[EventRounds "11"]
[EventCountry "AUT"]
[WhiteTeam "SGM Litschau/Eisgarn"]
[BlackTeam "ASK Kottingbrunn"]

1. e4 e6 2. d4 d5 3. Nd2 Nf6 4. e5 Nfd7 5. c3 c5 6. Bd3 Nc6 7. Ne2 b6 8. Nf3
Be7 9. h4 a5 10. a3 Ba6 11. Bc2 h6 12. Kf1 Qc7 13. Kg1 O-O-O 14. Rh3 f5 15. Nf4
Nf8 16. Rg3 g5 17. hxg5 hxg5 18. Nxg5 Bxg5 19. Rxg5 cxd4 20. cxd4 Rd7 21. Bd3
Bxd3 22. Qxd3 Rdh7 23. Nh3 Kb7 24. Bf4 Ne7 25. Rg3 Nfg6 26. Rc1 Qd7 27. Qd2
Nxf4 28. Qxf4 Rh4 29. Qg5 Rxd4 30. Qf6 Rdh4 31. Rg7 R8h7 32. Rxh7 Rxh7 33. Ng5
Ng8 34. Qf8 Nh6  1-0

[Event "Niederoesterreichische Landesliga"]
[Site "Verschiedene"]
[Date "2019.03.17"]
[Round "10"]
[Board "3"]
[White "Miazhynski, Yuri"]
[Black "Wagner, Stefan"]
[Result "1/2-1/2"]
[WhiteElo "2151"]
[BlackElo "2146"]
[PlyCount "121"]
[EventDate "2018.09.30"]
[EventType "team"]
[EventRounds "11"]
[EventCountry "AUT"]
[WhiteTeam "ASK Kottingbrunn"]
[BlackTeam "SGM Litschau/Eisgarn"]

1. Nf3 c5 2. c4 g6 3. g3 Bg7 4. Bg2 Nc6 5. Nc3 e5 6. d3 Nge7 7. O-O O-O 8. Bg5
d6 9. Rb1 Be6 10. Bxe7 Qxe7 11. a3 Rac8 12. b4 b6 13. Nd2 Qd7 14. Nd5 Ne7 15.
b5 f5 16. a4 Bh6 17. Nxe7+ Qxe7 18. a5 Qf7 19. axb6 axb6 20. Ra1 Bxd2 21. Qxd2
d5 22. cxd5 Bxd5 23. Ra6 Bxg2 24. Kxg2 Qd5+ 25. f3 Rb8 26. Qc3 Rf7 27. Rfa1 e4
28. dxe4 fxe4 29. Ra7 exf3+ 30. exf3 Rd8 31. Rxf7 Qd2+ 32. Qxd2 Rxd2+ 33. Kh3
Kxf7 34. Ra6 Rd6 35. Ra7+ Ke6 36. Rxh7 Kd5 37. Rc7 c4 38. Kg4 Kd4 39. Rc6 Rd5
40. Rxb6 c3 41. Ra6 c2 42. Ra1 Rxb5 43. Rc1 Kd3 44. f4 Kd2 45. Rg1 c1=Q 46.
Rxc1 Kxc1 47. Kf3 Rh5 48. Ke4 Rxh2 49. f5 Re2+ 50. Kf3 Kd2 51. fxg6 Re6 52. Kf4
Rxg6 53. g4 Rg8 54. g5 Ke2 55. Kf5 Kf3 56. g6 Kg3 57. Kf6 Kh4 58. Kf7 Rb8 59.
g7 Kh5 60. g8=Q Rxg8 61. Kxg8  1/2-1/2

[Event "Niederoesterreichische Landesliga"]
[Site "Verschiedene"]
[Date "2019.03.17"]
[Round "10"]
[Board "1"]
[White "Groetz, Harald"]
[Black "Sandhoefner, Florian"]
[Result "0-1"]
[WhiteElo "2339"]
[BlackElo "2332"]
[PlyCount "110"]
[EventDate "2018.09.30"]
[EventType "team"]
[EventRounds "11"]
[EventCountry "AUT"]
[WhiteTeam "SV Stockerau"]
[BlackTeam "SV Amstetten"]

1. Nf3 d5 2. g3 Nf6 3. Bg2 c6 4. b3 Bf5 5. Bb2 e6 6. c4 Nbd7 7. d3 h6 8. O-O
Be7 9. Nbd2 O-O 10. a3 Bh7 11. Qc2 Bd6 12. b4 e5 13. c5 Bc7 14. e4 Qe7 15. Rfe1
a5 16. Qb3 axb4 17. axb4 Rxa1 18. Bxa1 Ra8 19. Bb2 Qe6 20. Qc3 Ra2 21. Qc1 Ra4
22. Qc2 Rxb4 23. Ba3 Rb5 24. exd5 Nxd5 25. Nd4 exd4 26. Rxe6 fxe6 27. Nb3 Ne5
28. Bxd5 exd5 29. Nxd4 Bxd3 30. Qc3 Ba5 31. Nxb5 Bxc3 32. Nxc3 d4 33. Na4 Be2
34. f4 Nc4 35. Bc1 Kf7 36. Kf2 Bg4 37. Nb2 Na5 38. Nd3 Ke6 39. Ne5 Bf5 40. g4
Be4 41. Ke1 Nb3 42. Ba3 g5 43. Nc4 gxf4 44. Nd2 Nxd2 45. Kxd2 Bf3 46. h3 Bg2
47. h4 Bf3 48. g5 hxg5 49. hxg5 Be4 50. Ke1 Kd5 51. Kf2 Kc4 52. Ke1 f3 53. Kf1
Kc3 54. Ke1 d3 55. Bc1 f2+  0-1

[Event "Niederoesterreichische Landesliga"]
[Site "Verschiedene"]
[Date "2019.03.17"]
[Round "10"]
[Board "2"]
[White "Rumpl, Erwin"]
[Black "Schirmbeck, Hannes"]
[Result "1-0"]
[WhiteElo "2293"]
[BlackElo "2126"]
[PlyCount "101"]
[EventDate "2018.09.30"]
[EventType "team"]
[EventRounds "11"]
[EventCountry "AUT"]
[WhiteTeam "SV Amstetten"]
[BlackTeam "SV Stockerau"]

1. e4 e5 2. Nf3 Nc6 3. Bb5 a6 4. Bxc6 dxc6 5. Nc3 f6 6. d4 exd4 7. Nxd4 c5 8.
Nde2 Qxd1+ 9. Nxd1 Be6 10. Nf4 Bf7 11. Ne3 c6 12. h4 O-O-O 13. h5 Nh6 14. f3
Bd6 15. Ne2 Rhe8 16. g4 Be5 17. Kf2 c4 18. c3 Rd3 19. Ng2 Red8 20. Be3 b5 21.
a3 Kb7 22. Rhb1 Ng8 23. Bd4 Bxd4+ 24. cxd4 Ne7 25. Ne1 Rb3 26. Nc1 Rxd4 27.
Nxb3 cxb3 28. Rd1 c5 29. Rxd4 cxd4 30. Rd1 Nc6 31. f4 Kb6 32. Nf3 Kc5 33. Kg3
Bc4 34. Rd2 a5 35. h6 g6 36. g5 fxg5 37. Nxg5 Bg8 38. Rd1 a4 39. Rc1+ Kb6 40.
e5 Ne7 41. e6 d3 42. Kf3 b4 43. Ke4 bxa3 44. bxa3 d2 45. Rd1 Kc5 46. Ke3 Nd5+
47. Kxd2 Kd6 48. Kc1 Bxe6 49. Nxh7 Ke7 50. Ng5 Nxf4 51. h7  1-0

[Event "Niederoesterreichische Landesliga"]
[Site "Verschiedene"]
[Date "2019.03.17"]
[Round "10"]
[Board "3"]
[White "Amberger, Dieter"]
[Black "Koller, Hans-Juergen"]
[Result "1-0"]
[WhiteElo "2058"]
[BlackElo "2168"]
[PlyCount "93"]
[EventDate "2018.09.30"]
[EventType "team"]
[EventRounds "11"]
[EventCountry "AUT"]
[WhiteTeam "SV Stockerau"]
[BlackTeam "SV Amstetten"]

1. d4 g6 2. e4 Bg7 3. Nc3 d6 4. Be3 a6 5. a4 b6 6. Bc4 e6 7. Bb3 Bb7 8. Nge2
Nd7 9. O-O Ne7 10. f4 d5 11. e5 Nf5 12. Bf2 h5 13. Ng3 Nh6 14. Qd2 c5 15. Nd1
cxd4 16. Bxd4 Nc5 17. Ne3 Bf8 18. Ba2 h4 19. Ne2 Nf5 20. Nxf5 gxf5 21. Nc3 Bc6
22. Bb1 Qd7 23. a5 b5 24. Qe3 Nb7 25. Ne2 Qe7 26. c3 b4 27. Rc1 Bb5 28. cxb4
Qxb4 29. Nc3 Rc8 30. Bxf5 Bc4 31. Nxd5 Bxd5 32. Rxc8+ Nd8 33. Bh3 Bh6 34. Bb6
O-O 35. Rxd8 Rxd8 36. Bxd8 Bxf4 37. Qb6 Qe4 38. Kh1 Bxe5 39. Rd1 Qf4 40. Qg1
Bxb2 41. Rf1 Qe4 42. Qf2 Bg7 43. Qxf7+ Kh8 44. Bf6 Bxf6 45. Qxf6+ Kh7 46. Qf7+
Kh8 47. Qf8+  1-0

[Event "Niederoesterreichische Landesliga"]
[Site "Verschiedene"]
[Date "2019.03.17"]
[Round "10"]
[Board "4"]
[White "Rechberger, Franz"]
[Black "Schmid, Thomas"]
[Result "1-0"]
[WhiteElo "2106"]
[BlackElo "2141"]
[PlyCount "71"]
[EventDate "2018.09.30"]
[EventType "team"]
[EventRounds "11"]
[EventCountry "AUT"]
[WhiteTeam "SV Amstetten"]
[BlackTeam "SV Stockerau"]

1. e4 c5 2. Nf3 d6 3. d4 cxd4 4. Nxd4 Nf6 5. Nc3 a6 6. Bg5 e6 7. f4 Qb6 8. Qd2
Nc6 9. Bxf6 gxf6 10. Nb3 Bd7 11. Be2 h5 12. Rf1 O-O-O 13. Rf3 Be7 14. O-O-O Kb8
15. Kb1 Rdg8 16. Bf1 h4 17. a3 Rh5 18. Rd3 Bc8 19. Qe2 Rgh8 20. Qe1 Qc7 21. Be2
R5h7 22. Bf3 Bf8 23. Ne2 Be7 24. Ned4 Nxd4 25. Rxd4 Rd8 26. R4d3 Ka7 27. Rc3
Qb8 28. Qe3+ b6 29. a4 Bd7 30. a5 Rc8 31. Rxc8 Bxc8 32. Rd3 Bd7 33. Rc3 Bd8 34.
Nd2 Kb7 35. Nc4 b5 36. Nxd6+  1-0

[Event "Niederoesterreichische Landesliga"]
[Site "Verschiedene"]
[Date "2019.04.07"]
[Round "11"]
[Board "1"]
[White "Khalakhan, Jurij"]
[Black "Groetz, Harald"]
[Result "0-1"]
[WhiteElo "2219"]
[BlackElo "2339"]
[PlyCount "96"]
[EventDate "2018.09.30"]
[EventType "team"]
[EventRounds "11"]
[EventCountry "AUT"]
[WhiteTeam "SGM Litschau/Eisgarn"]
[BlackTeam "SV Stockerau"]

1. e4 c5 2. Nf3 g6 3. d4 Bg7 4. c4 cxd4 5. Nxd4 Nc6 6. Be3 Nf6 7. Nc3 d6 8. Be2
O-O 9. O-O Bd7 10. Kh1 Nxd4 11. Bxd4 Bc6 12. Bd3 a5 13. f4 Nd7 14. Bxg7 Kxg7
15. Qe2 Nc5 16. Rae1 e6 17. Bb1 f6 18. Rd1 Qc7 19. Rd2 Rad8 20. Rfd1 b6 21. b3
Kh8 22. Qe3 Rd7 23. Bc2 e5 24. f5 gxf5 25. exf5 Rg7 26. Nd5 Bxd5 27. Rxd5 Rfg8
28. g3 Nb7 29. Be4 Rd8 30. R5d2 a4 31. Bg2 Na5 32. Qf3 Re7 33. g4 Qc5 34. Rd5
Qa3 35. Rb5 Qxa2 36. Rxb6 Nxb3 37. Rbxd6 Rxd6 38. Rxd6 e4 39. Qf4 Qa1+ 40. Bf1
e3 41. Re6 Rxe6 42. fxe6 e2 43. Qb8+ Kg7 44. Qa7+ Kg6 45. Qf7+ Kg5 46. Qh5+ Kf4
47. Qh6+ Ke4 48. Qxh7+ Kd4  0-1

[Event "Niederoesterreichische Landesliga"]
[Site "Verschiedene"]
[Date "2019.04.07"]
[Round "11"]
[Board "3"]
[White "Bauer, Thomas"]
[Black "Piringer, Florian"]
[Result "1-0"]
[WhiteElo "2171"]
[BlackElo "2124"]
[PlyCount "73"]
[EventDate "2018.09.30"]
[EventType "team"]
[EventRounds "11"]
[EventCountry "AUT"]
[WhiteTeam "SGM Litschau/Eisgarn"]
[BlackTeam "SV Stockerau"]

1. e4 e5 2. Nf3 Nc6 3. Bc4 Bc5 4. d3 Nf6 5. a4 a6 6. O-O h6 7. Nc3 d6 8. Be3
Bxe3 9. fxe3 Be6 10. Nd2 Bxc4 11. Nxc4 Ne7 12. Qf3 Qd7 13. h3 O-O 14. a5 Qe6
15. Rf2 d5 16. exd5 Nexd5 17. e4 Nxc3 18. bxc3 b5 19. Ne3 Kh7 20. Raf1 Ng8 21.
Qg3 c6 22. Ng4 f6 23. Nxe5 Ra7 24. Qg6+ Kh8 25. Qh5 Re8 26. Ng6+ Kh7 27. Qc5
Raa8 28. Nf4 Qd7 29. Qh5 Re5 30. Qg6+ Kh8 31. h4 Ne7 32. Qf7 Qg4 33. Re2 f5 34.
d4 Nd5 35. Ng6+ Kh7 36. Nxe5 Qxe2 37. Qxf5+  1-0

[Event "Niederoesterreichische Landesliga"]
[Site "Verschiedene"]
[Date "2019.04.07"]
[Round "11"]
[Board "4"]
[White "Schirmbeck, Hannes"]
[Black "Schuh, Patrick"]
[Result "0-1"]
[WhiteElo "2126"]
[BlackElo "2088"]
[PlyCount "196"]
[EventDate "2018.09.30"]
[EventType "team"]
[EventRounds "11"]
[EventCountry "AUT"]
[WhiteTeam "SV Stockerau"]
[BlackTeam "SGM Litschau/Eisgarn"]

1. e4 c5 2. Nf3 d6 3. Bb5+ Nd7 4. O-O a6 5. Be2 Ngf6 6. d3 e6 7. c4 Be7 8. Nc3
O-O 9. Ne1 b6 10. f4 Bb7 11. Bf3 Ne8 12. Nc2 Nc7 13. a4 Nb8 14. Be3 Nc6 15. d4
e5 16. fxe5 dxe5 17. d5 Nd4 18. Bf2 Ne8 19. Bg3 f6 20. Bg4 Nd6 21. Ne3 Bc8 22.
Bxc8 Qxc8 23. Qh5 Qe8 24. Qxe8 Rfxe8 25. Bf2 g6 26. Bh4 Kg7 27. g4 Rab8 28. Rf2
h6 29. Kg2 Rf8 30. Bg3 Rbe8 31. h4 Bd8 32. Raf1 Rf7 33. Rb1 Nb3 34. Re2 Bc7 35.
h5 gxh5 36. Nf5+ Kg6 37. Rh1 Nxf5 38. gxf5+ Kh7 39. Rxh5 Rg8 40. Re1 Rfg7 41.
Rh3 Rg4 42. Reh1 Kg7 43. Rxh6 Kf7 44. R1h3 Bd6 45. R6h4 R4g7 46. Rh7 Nd2 47.
Kf2 Nxc4 48. Nd1 Nd2 49. Rxg7+ Rxg7 50. Rh4 c4 51. Ke2 Nb3 52. Bf2 Nd4+ 53. Kf1
Nf3 54. Rh8 Nd2+ 55. Ke2 Nxe4 56. Ra8 Nxf2 57. Ra7+ Kf8 58. Ra8+ Kf7 59. Nxf2
Bc5 60. Ne4 Rg2+ 61. Kd1 Rxb2 62. Ra7+ Kf8 63. Nxf6 Rf2 64. Nd7+ Ke8 65. Nxc5
bxc5 66. Rxa6 Rxf5 67. Rc6 Kd7 68. Rxc5 Rf4 69. Kc2 Kd6 70. Rb5 Rf3 71. Rb6+
Kxd5 72. Rb8 Ra3 73. Ra8 Kd4 74. Kb2 Rb3+ 75. Kc2 e4 76. Rd8+ Kc5 77. a5 e3 78.
a6 Ra3 79. Rc8+ Kb5 80. Re8 Kb6 81. Kb2 Rb3+ 82. Kc2 Kxa6 83. Re5 Kb6 84. Kd1
Kc6 85. Ke2 Kd6 86. Rxe3 Kc5 87. Re8 Rd3 88. Rb8 Kd4 89. Rb7 Kc3 90. Rb8 Kc2
91. Rb7 Rd6 92. Rc7 Re6+ 93. Kf2 c3 94. Rc8 Kd2 95. Rd8+ Kc1 96. Kf3 c2 97. Rc8
Rb6 98. Ke2 Kb2  0-1

[Event "Niederoesterreichische Landesliga"]
[Site "Verschiedene"]
[Date "2019.04.07"]
[Round "11"]
[Board "1"]
[White "Blatny, Pavel"]
[Black "Morgunov, Daniel"]
[Result "0-1"]
[WhiteElo "2336"]
[BlackElo "2328"]
[PlyCount "102"]
[EventDate "2018.09.30"]
[EventType "team"]
[EventRounds "11"]
[EventCountry "AUT"]
[WhiteTeam "SK Zwettl"]
[BlackTeam "ASK Kottingbrunn"]

1. e3 Nf6 2. f4 d5 3. b3 g6 4. Bb2 Bg7 5. Be2 c5 6. Nf3 O-O 7. O-O Nc6 8. Ne5
Qd6 9. Nxc6 Qxc6 10. Bf3 b6 11. Qe2 Bb7 12. d3 Qc7 13. Be5 Qd7 14. Nd2 Rad8 15.
Rae1 b5 16. g4 d4 17. e4 Ne8 18. Bxg7 Nxg7 19. f5 e5 20. g5 f6 21. Bg4 Qe7 22.
fxg6 hxg6 23. gxf6 Rxf6 24. Rxf6 Qxf6 25. Rf1 Qg5 26. Qg2 Rf8 27. Nf3 Qe3+ 28.
Kh1 c4 29. bxc4 bxc4 30. Re1 Qf4 31. Kg1 Bc8 32. Bxc8 Qxf3 33. Qxf3 Rxf3 34.
Ba6 cxd3 35. Bc4+ Kh7 36. cxd3 Kh6 37. Rb1 Nh5 38. Kg2 Re3 39. Kf1 Nf4 40. Rb3
Kg5 41. Ra3 Kg4 42. Rxa7 Nxd3 43. Ra3 Re1+ 44. Kg2 Nf4+ 45. Kf2 Rc1 46. Rg3+
Kh4 47. Bb3 d3 48. Ke3 Re1+ 49. Kd2 Re2+ 50. Kc3 Rxh2 51. Rf3 g5  0-1

[Event "Niederoesterreichische Landesliga"]
[Site "Verschiedene"]
[Date "2019.04.07"]
[Round "11"]
[Board "2"]
[White "Wirius, Johannes"]
[Black "Vyskocil, Neklan"]
[Result "0-1"]
[WhiteElo "2185"]
[BlackElo "2315"]
[PlyCount "68"]
[EventDate "2018.09.30"]
[EventType "team"]
[EventRounds "11"]
[EventCountry "AUT"]
[WhiteTeam "ASK Kottingbrunn"]
[BlackTeam "SK Zwettl"]

1. c4 Nf6 2. g3 e5 3. Bg2 Nc6 4. b3 Bc5 5. Bb2 O-O 6. Nc3 Re8 7. e3 d6 8. Nge2
e4 9. Na4 Ne5 10. Bxe5 Rxe5 11. Nxc5 dxc5 12. O-O Qd6 13. f3 Bf5 14. Nc3 exf3
15. Bxf3 c6 16. Rf2 Rd8 17. Qf1 Qd7 18. Rc1 h6 19. Rd1 Bd3 20. Qe1 Nh7 21. h4
Qh3 22. Rh2 Qf5 23. Rf2 Qg6 24. Rg2 Qf6 25. Be2 Bc2 26. Rc1 Bg6 27. Bd1 Qe6 28.
Ne2 Be4 29. Nf4 Qd6 30. Rh2 Nf6 31. Qf2 Bf5 32. Qe1 Ne4 33. d3 Nf6 34. e4 Bg4
 0-1

[Event "Niederoesterreichische Landesliga"]
[Site "Verschiedene"]
[Date "2019.04.07"]
[Round "11"]
[Board "3"]
[White "Zwettler, Martin"]
[Black "Fabisch, Christian"]
[Result "1/2-1/2"]
[WhiteElo "2218"]
[BlackElo "2017"]
[PlyCount "66"]
[EventDate "2018.09.30"]
[EventType "team"]
[EventRounds "11"]
[EventCountry "AUT"]
[WhiteTeam "SK Zwettl"]
[BlackTeam "ASK Kottingbrunn"]

1. c4 c5 2. g3 g6 3. Bg2 Bg7 4. Nc3 Nc6 5. Nf3 a6 6. O-O Rb8 7. a4 e5 8. d3
Nge7 9. Bd2 O-O 10. Ne1 d6 11. Nc2 Nd4 12. Rb1 a5 13. Ne3 Bd7 14. Ned5 Nxd5 15.
Nxd5 f6 16. b3 Nf5 17. Bc3 b6 18. e3 Be6 19. Qe2 Re8 20. Rbd1 Bf7 21. Qc2 Ne7
22. Nxe7+ Qxe7 23. d4 e4 24. dxc5 dxc5 25. Rd2 f5 26. Rfd1 Red8 27. Bxg7 Kxg7
28. Qc3+ Kg8 29. f3 Rxd2 30. Rxd2 exf3 31. Bxf3 Rd8 32. Rxd8+ Qxd8 33. Kf2 Qd6
 1/2-1/2